00458nam a22001817a 450000500170000000800410001702000150005804100080007308200180008110000200009924500640011926000140018326000230019726000090022030000180022965000170024765000120026420250207142044.0220310b1991 xxu||||| |||| 00| 0 spa d a9506200149 aESP aR 340.03 O84d aOssorio, Manuel aDiccionario de Ciencias Jurídicas Políticas y Sociales  aArgentina bEditorial Heliasta c1991 a798 páginas aDICCIONARIOS aDERECHO